[Event "10th American Continental (w)"]
[Site "Envigado COL"]
[Date "2018.11.22"]
[Round "7.10"]
[White "Aliaga Fernandez, Ingrid"]
[Black "Chirivi Castiblanco, Jenny Astrid"]
[Result "1-0"]
[WhiteElo "2194"]
[BlackElo "2118"]
[EventDate "2018.11.17"]
[PlyCount "105"]

1.e4 c5 2.Nf3 e6 3.d4 cxd4 4.Nxd4 a6 5.c4 Nf6 6.Nc3 Qc7 7.Be2 b6 8.Be3 Bb7
9.f3 d6 10.O-O Nbd7 11.Qd2 Be7 12.Rfc1 O-O 13.a4 Rab8 14.Rab1 Ne5 15.b3 
Rfe8 16.Bf1 Rbc8 17.Qf2 Nfd7 18.Qg3 Qb8 19.h4 Nc6 20.Nxc6 Bxc6 21.Bd4 Bf6 
22.Rd1 Red8 23.Rb2 Bxd4+ 24.Rxd4 Nc5 25.h5 e5 26.Rd1 h6 27.Qh4 Re8 28.Ne2 
Ne6 29.Ng3 Nd4 30.Rxd4 exd4 31.Nf5 Bd7 32.Ne7+ Rxe7 33.Qxe7 Qc7 34.Qh4 Re8
35.Rd2 Qc5 36.Qf2 b5 37.Qxd4 Qxh5 38.Qxd6 Be6 39.axb5 axb5 40.cxb5 Bxb3 
41.Rb2 Be6 42.b6 Qa5 43.b7 Qa7+ 44.Rb6 Rb8 45.Qc7 Kh7 46.Ba6 h5 47.Kh2 h4 
48.f4 h3 49.gxh3 Ba2 50.f5 Bb1 51.f6 Bxe4 52.Qxf7 Rxb7 53.Qh5+ 1-0

[Event "10th American Continental (w)"]
[Site "Envigado COL"]
[Date "2018.11.22"]
[Round "7.11"]
[White "Munoz Monroy, Cinthya Carolina"]
[Black "Moncada Correa, Sara"]
[Result "1-0"]
[WhiteElo "2032"]
[BlackElo "1792"]
[EventDate "2018.11.17"]
[PlyCount "61"]

1.e4 c5 2.Nf3 e6 3.c3 d5 4.exd5 exd5 5.d4 Nc6 6.Be3 c4 7.Be2 Bd6 8.O-O 
Nge7 9.b3 cxb3 10.axb3 O-O 11.c4 dxc4 12.bxc4 b6 13.Nc3 Nf5 14.Bd3 Re8 15.
Qa4 Bd7 16.Bxf5 Bxf5 17.Qxc6 Rc8 18.Qd5 Be6 19.Qh5 Bxc4 20.Rfc1 a6 21.d5 
f6 22.Na4 Be5 23.Nxe5 Rxe5 24.Qg4 b5 25.Nb6 Rc7 26.Bf4 Be2 27.Qg3 Rxc1+ 
28.Rxc1 Re8 29.Bh6 g6 30.Rc8 Qe7 31.d6 1-0

[Event "10th American Continental (w)"]
[Site "Envigado COL"]
[Date "2018.11.22"]
[Round "7.12"]
[White "Barria Baker, Raisa Melissa"]
[Black "Prado Serrano, Alexandra Naira"]
[Result "1-0"]
[WhiteElo "1941"]
[BlackElo "1873"]
[EventDate "2018.11.17"]
[PlyCount "83"]

1.d4 Nf6 2.Nf3 g6 3.c4 Bg7 4.Nc3 O-O 5.e4 d6 6.h3 Nc6 7.Be3 e5 8.d5 Ne7 9.
g4 c5 10.Be2 a6 11.Qc2 Rb8 12.a4 b6 13.Rg1 Bd7 14.Nd2 Qc8 15.f3 h5 16.
O-O-O Kh7 17.Bg5 Neg8 18.Ndb1 Qc7 19.Qd2 b5 20.cxb5 axb5 21.Bxb5 Ra8 22.
Na3 Rfb8 23.Rg2 Qb7 24.Qd3 Bf8 25.Rdg1 Bxb5 26.Naxb5 Rc8 27.f4 c4 28.Qc2 
exf4 29.Bxf4 Qb6 30.Qf2 Qxf2 31.Rxf2 Re8 32.Bxd6 Nxe4 33.Nxe4 f5 34.Ng5+ 
Kh6 35.Bxf8+ Rxf8 36.Ne6 Rfc8 37.gxh5 Ne7 38.d6 Rxa4 39.Kc2 Nc6 40.Rxg6+ 
Kh7 41.Rxf5 Nb4+ 42.Kd2 1-0

[Event "10th American Continental (w)"]
[Site "Envigado COL"]
[Date "2018.11.22"]
[Round "7.13"]
[White "Ocampo, Cristina"]
[Black "Toro Castaneda, Elizabeth"]
[Result "1-0"]
[WhiteElo "1771"]
[BlackElo "1932"]
[EventDate "2018.11.17"]
[PlyCount "113"]

1.e4 e5 2.Nf3 Nc6 3.Bb5 a6 4.Ba4 Nge7 5.Nc3 g6 6.d4 exd4 7.Nd5 Bg7 8.Bg5 
h6 9.Bf6 Bxf6 10.Nxf6+ Kf8 11.Nxd4 Kg7 12.Ng4 d6 13.Nxc6 Nxc6 14.Bxc6 bxc6
15.Qd4+ f6 16.h3 h5 17.Ne3 Qe7 18.O-O-O Re8 19.f3 Qe5 20.Qxe5 Rxe5 21.Rd3 
Rb8 22.Rc3 Bd7 23.Rd1 Ra5 24.a3 Re5 25.Rd4 Rbe8 26.Kd2 c5 27.Rd5 R5e7 28.
Ke2 f5 29.exf5 Bc6 30.f6+ Kxf6 31.Rd2 d5 32.Kf2 d4 33.Rxd4 cxd4 34.Rxc6+ 
Re6 35.Nd5+ Ke5 36.Rc5 Kd6 37.b4 Re2+ 38.Kg1 Re1+ 39.Kh2 Ra1 40.Nf4 Rxa3 
41.Rd5+ Kc6 42.Rxd4 Rc3 43.Rd2 Rg8 44.Nd5 Rc4 45.Ne7+ Kb5 46.Nxg8 Kxb4 47.
Ne7 a5 48.Nxg6 a4 49.Ne5 Rc3 50.Nd3+ Kb5 51.f4 a3 52.Nc1 Re3 53.f5 Re1 54.
Na2 Rf1 55.g4 c5 56.Kg2 Rf4 57.Rf2 1-0

[Event "10th American Continental (w)"]
[Site "Envigado COL"]
[Date "2018.11.22"]
[Round "7.14"]
[White "Hoyos Garces, Rosana"]
[Black "Cordero Loup, Ely Daniela"]
[Result "0-1"]
[WhiteElo "1586"]
[BlackElo "2085"]
[EventDate "2018.11.17"]
[PlyCount "60"]

1.d4 e6 2.c4 Bb4+ 3.Bd2 Be7 4.Nf3 f5 5.g3 Nf6 6.Bg2 O-O 7.O-O d5 8.Qc2 c6 
9.cxd5 exd5 10.Ne5 Ne4 11.Nc3 Nd7 12.f4 Ndf6 13.a3 Bd7 14.Rfc1 Be8 15.Be1 
Bd6 16.Qb3 Qe7 17.a4 Kh8 18.a5 a6 19.Na4 Bh5 20.Bf3 Rg8 21.Kf1 g5 22.Bxe4 
fxe4 23.Bd2 Qe6 24.Kf2 Qh3 25.Rh1 Bxe5 26.dxe5 Ng4+ 27.Kg1 d4 28.e3 gxf4 
29.exf4 e3 30.Be1 Nf2 0-1

[Event "10th American Continental (w)"]
[Site "Envigado COL"]
[Date "2018.11.22"]
[Round "7.16"]
[White "Caballero Marrugo, Maria Jose"]
[Black "Zapata, Olga Maria"]
[Result "0-1"]
[WhiteElo "1338"]
[BlackElo "1695"]
[EventDate "2018.11.17"]
[PlyCount "96"]

1.e4 d5 2.exd5 Qxd5 3.d4 c6 4.Nf3 Bg4 5.Be2 Nf6 6.Be3 e6 7.Nbd2 Be7 8.O-O 
O-O 9.c4 Qd8 10.Re1 Nbd7 11.Qc2 Bf5 12.Bd3 Bxd3 13.Qxd3 Rc8 14.Rad1 Qc7 
15.h3 Rfd8 16.Qc3 c5 17.b3 cxd4 18.Bxd4 b5 19.Qe3 bxc4 20.Nxc4 Nd5 21.Qc1 
N7f6 22.Be5 Qb7 23.Qa1 Nb4 24.Rxd8+ Rxd8 25.Re2 Qa6 26.a3 Nc6 27.Bb2 h6 
28.Qe1 Nd5 29.Nfe5 Nxe5 30.Rxe5 Nf4 31.Ra5 Qb7 32.f3 Qxb3 33.Qe5 Bf6 34.
Qxf4 Bxb2 35.Rxa7 Bf6 36.Qc7 Qb1+ 37.Kh2 Qg6 38.a4 Rd1 39.Ra8+ Kh7 40.Qc8 
Qb1 41.Kg3 Qa2 42.Qc6 Rd5 43.h4 Qe2 44.Kh3 Qf2 45.g3 Qxf3 46.Nd6 Qh1+ 47.
Kg4 Rd4+ 48.Ne4 Rxe4+ 0-1

[Event "10th American Continental (w)"]
[Site "Envigado COL"]
[Date "2018.11.23"]
[Round "8.1"]
[White "Ortiz Verdesoto, Anahi"]
[Black "Cori Tello, Deysi"]
[Result "0-1"]
[WhiteElo "2115"]
[BlackElo "2406"]
[EventDate "2018.11.17"]
[PlyCount "86"]

1.d4 Nf6 2.c4 e6 3.Nc3 d5 4.Qc2 c5 5.cxd5 cxd4 6.Qa4+ Qd7 7.Qxd4 Nc6 8.Qd1
exd5 9.e3 Bb4 10.Nf3 O-O 11.Bd3 Qe7 12.O-O Bg4 13.Nb5 Rfe8 14.Nbd4 Ne4 15.
h3 Bh5 16.Qb3 Bxf3 17.Nxf3 Rad8 18.Nd4 Nxd4 19.exd4 a6 20.Bf4 h6 21.Bxe4 
dxe4 22.Rad1 Bd6 23.Bxd6 Rxd6 24.Rfe1 Qd7 25.Qe3 Ree6 26.Rd2 Rd5 27.Rc1 
Qd6 28.Rc8+ Kh7 29.Rc5 f5 30.Rxd5 Qxd5 31.Qf4 Rg6 32.b3 Rd6 33.Qe3 b5 34.
f3 Re6 35.f4 Rc6 36.a3 Rc1+ 37.Kh2 Rb1 38.Rc2 Rxb3 39.Rc3 Rxc3 40.Qxc3 Qc4
41.Qb2 Qd3 42.Qb4 e3 43.Kg3 Qf1 0-1

[Event "10th American Continental (w)"]
[Site "Envigado COL"]
[Date "2018.11.23"]
[Round "8.2"]
[White "Marrero Lopez, Yaniet"]
[Black "Perez Rodriguez, Jennifer"]
[Result "0-1"]
[WhiteElo "2253"]
[BlackElo "2203"]
[EventDate "2018.11.17"]
[PlyCount "140"]

1.e4 e5 2.Nf3 Nc6 3.Bb5 a6 4.Ba4 Nf6 5.O-O Be7 6.Re1 b5 7.Bb3 d6 8.c3 O-O 
9.d4 Bg4 10.d5 Na5 11.Bc2 Qc8 12.h3 Bd7 13.Nbd2 c6 14.dxc6 Qxc6 15.Nf1 
Rfc8 16.Ng3 Bd8 17.Re3 g6 18.Rd3 Nb7 19.Bh6 Be7 20.Qe1 Nc5 21.Rd2 Ne6 22.
Rad1 a5 23.a3 b4 24.axb4 axb4 25.cxb4 Qb6 26.Bb3 Qxb4 27.Bd5 Nxd5 28.exd5 
Ng7 29.Ne4 Rc4 30.Nc3 Nf5 31.Bg5 f6 32.Be3 Kg7 33.Ra1 Rcc8 34.Rxa8 Rxa8 
35.Kh2 Bd8 36.g4 Ne7 37.Ng1 Ra5 38.Qd1 Be8 39.Nge2 Bf7 40.Nc1 Qc4 41.Nb3 
Ra8 42.Nc1 Ba5 43.N1a2 Rb8 44.f3 Nxd5 45.Nxd5 Bxd2 46.Nb6 Qxa2 47.Qxd2 d5 
48.Bc5 g5 49.Kg3 Be6 50.h4 gxh4+ 51.Kxh4 Qb3 52.Qf2 d4 53.f4 Rxb6 54.fxe5 
Bxg4 55.Kxg4 f5+ 56.Kf4 Rg6 57.Bxd4 Qd3 58.e6+ Kg8 59.Ke5 Qe4+ 60.Kd6 
Qxe6+ 61.Kc5 Qc6+ 62.Kb4 Rg4 63.Qe3 Qe4 64.Qxe4 Rxe4 65.Kc3 Kf7 66.b4 Ke6 
67.Bf2 Kd5 68.b5 h5 69.Kd3 h4 70.b6 Ke5 0-1

[Event "10th American Continental (w)"]
[Site "Envigado COL"]
[Date "2018.11.23"]
[Round "8.3"]
[White "Fernandez, Maria Florencia"]
[Black "Besso, Guadalupe"]
[Result "1-0"]
[WhiteElo "2198"]
[BlackElo "2069"]
[EventDate "2018.11.17"]
[PlyCount "127"]

1.d4 Nf6 2.c4 g6 3.Nc3 d5 4.Nf3 Bg7 5.Qb3 dxc4 6.Qxc4 O-O 7.e4 a6 8.Be2 b5
9.Qb3 c5 10.dxc5 Bb7 11.e5 Nfd7 12.Be3 Nxe5 13.Nxe5 Bxe5 14.Rd1 Qc7 15.Nd5
Bxd5 16.Qxd5 Nc6 17.Bf3 Rac8 18.Qxc6 Qxc6 19.Bxc6 Rxc6 20.Rd2 f5 21.f4 Bb8
22.O-O Re6 23.Kf2 Re4 24.Kf3 e5 25.g3 exf4 26.gxf4 Rfe8 27.Rd3 Rc4 28.b3 
Rc2 29.Rf2 Rxf2+ 30.Bxf2 Kf7 31.Bh4 Rc8 32.b4 Ke6 33.Bg5 Bc7 34.Ke3 a5 35.
a3 axb4 36.axb4 h6 37.Bh4 Ra8 38.Be1 Ra1 39.Bd2 g5 40.Kf2 Ra2 41.Kf3 Rc2 
42.fxg5 hxg5 43.Bxg5 Rxh2 44.Re3+ Kd5 45.Re7 Rh3+ 46.Ke2 Kc6 47.Rf7 f4 48.
Bxf4 Bxf4 49.Rxf4 Rb3 50.Rd4 Kc7 51.Kd2 Rh3 52.Kc2 Rh2+ 53.Kc3 Rh3+ 54.Rd3
Rh4 55.Rg3 Rf4 56.Rg7+ Kc8 57.Re7 Rh4 58.Re6 Rh3+ 59.Kd4 Rb3 60.Kd5 Rxb4 
61.Kc6 Kd8 62.Kb7 Rh4 63.c6 Rh8 64.Re4 1-0

[Event "10th American Continental (w)"]
[Site "Envigado COL"]
[Date "2018.11.23"]
[Round "8.4"]
[White "Llaudy Pupo, Lisandra"]
[Black "Arribas Robaina, Maritza"]
[Result "1/2-1/2"]
[WhiteElo "2302"]
[BlackElo "2257"]
[EventDate "2018.11.17"]
[PlyCount "44"]

1.e4 e5 2.Nf3 Nc6 3.Bb5 Nf6 4.d3 Bc5 5.c3 d6 6.O-O O-O 7.h3 Ne7 8.Re1 Bb6 
9.Nbd2 c6 10.Ba4 Ng6 11.Nf1 Re8 12.Ng3 h6 13.d4 Bc7 14.c4 Bd7 15.d5 cxd5 
16.Bxd7 Qxd7 17.cxd5 Ba5 18.Bd2 Bxd2 19.Nxd2 Rac8 20.Qb3 Rc5 21.Rac1 Rec8 
22.Rxc5 Rxc5 1/2-1/2

[Event "10th American Continental (w)"]
[Site "Envigado COL"]
[Date "2018.11.23"]
[Round "8.6"]
[White "Aliaga Fernandez, Ingrid"]
[Black "Gonzalez Ochoa, Yoana"]
[Result "1-0"]
[WhiteElo "2194"]
[BlackElo "2058"]
[EventDate "2018.11.17"]
[PlyCount "89"]

1.e4 e5 2.Nf3 Nc6 3.d4 exd4 4.Nxd4 Nf6 5.Nxc6 bxc6 6.e5 Qe7 7.Qe2 Nd5 8.c4
Nb6 9.b3 a5 10.Ba3 Qe6 11.Qe3 Bb4+ 12.Bxb4 axb4 13.Bd3 O-O 14.O-O d5 15.
Nd2 h6 16.f4 Re8 17.c5 Nd7 18.Nf3 Qe7 19.Rfc1 Ra5 20.Nd4 Bb7 21.Qg3 Kh8 
22.Bf5 Nxc5 23.Qh3 Ne6 24.Nxe6 fxe6 25.Bc2 Rg8 26.Qh5 Qe8 27.Bg6 Qf8 28.
Rf1 Bc8 29.g4 Bd7 30.f5 exf5 31.gxf5 Be8 32.Rae1 Rxa2 33.Kh1 Bxg6 34.Qxg6 
Qe8 35.Qg4 Qe7 36.Re3 c5 37.Qf4 Ra6 38.f6 Qf7 39.Rh3 Kh7 40.Rg1 Re6 41.
Rxg7+ Qxg7 42.fxg7 Rxg7 43.Qf5+ Reg6 44.Rg3 c4 45.e6 1-0

[Event "10th American Continental (w)"]
[Site "Envigado COL"]
[Date "2018.11.23"]
[Round "8.7"]
[White "Cervantes Landeiro, Thalia"]
[Black "Castrillon Gomez, Melissa"]
[Result "1/2-1/2"]
[WhiteElo "2098"]
[BlackElo "2301"]
[EventDate "2018.11.17"]
[PlyCount "158"]

1.d4 d6 2.c4 e5 3.e3 Nc6 4.Nc3 g6 5.d5 Nce7 6.Nf3 Bg7 7.Be2 f5 8.Ng5 h6 9.
Ne6 Bxe6 10.dxe6 Qc8 11.c5 dxc5 12.Bc4 Nf6 13.O-O O-O 14.a4 Rd8 15.Qc2 c6 
16.f3 Ne8 17.Ba2 Nc7 18.e4 f4 19.Rd1 Rxd1+ 20.Nxd1 Qd8 21.Nf2 Qd6 22.Bd2 
Kh7 23.Rd1 Nxe6 24.Bb4 Nd4 25.Qxc5 Qxc5 26.Bxc5 Ng8 27.Nd3 g5 28.a5 Bf6 
29.Kf1 h5 30.Rd2 Nh6 31.b4 Nb5 32.Bc4 Nc3 33.Nb2 b6 34.axb6 axb6 35.Bxb6 
Ra1+ 36.Kf2 Rb1 37.Rd7+ Kg6 38.Nd3 g4 39.Bd8 h4 40.Ne1 g3+ 41.hxg3 fxg3+ 
42.Kf1 Bxd8 43.Rxd8 Rxb4 44.Rd6+ Kg7 45.Rxc6 Rb2 46.Bd3 Nd1 47.Bc2 Ne3+ 
48.Kg1 Nxc2 49.Rxc2 Rb1 50.Kf1 Nf7 51.Rc5 Kf6 52.f4 exf4 53.Rf5+ Ke6 54.
Rxf4 Ne5 55.Rxh4 Nd3 56.Ke2 Nxe1 57.Rg4 Nxg2 58.Rxg3 Rb2+ 59.Kf3 Ne1+ 60.
Kg4 Ke5 61.Re3 Rg2+ 62.Kh5 Nc2 63.Rc3 Nd4 64.Rc5+ Kf4 65.Kh6 Ne6 66.Ra5 
Kxe4 67.Rb5 Nd4 68.Rg5 Nf5+ 69.Kg6 Ne7+ 70.Kf6 Nd5+ 71.Kg6 Nf4+ 72.Kf6 
Nd5+ 73.Kg6 Ra2 74.Rg1 Nf4+ 75.Kf6 Ra6+ 76.Ke7 Kf5 77.Rf1 Ra7+ 78.Kd6 Ra6+
79.Ke7 Ke5 1/2-1/2

[Event "10th American Continental (w)"]
[Site "Envigado COL"]
[Date "2018.11.23"]
[Round "8.8"]
[White "Rodriguez Rueda, Paula Andrea"]
[Black "Barria Baker, Raisa Melissa"]
[Result "1-0"]
[WhiteElo "2275"]
[BlackElo "1941"]
[EventDate "2018.11.17"]
[PlyCount "53"]

1.d4 d5 2.c4 c6 3.Nf3 Nf6 4.Nc3 e6 5.e3 Nbd7 6.Qc2 Bd6 7.Be2 O-O 8.O-O Qe7
9.h3 e5 10.cxd5 cxd5 11.Nb5 e4 12.Nd2 Bb8 13.b3 Qd8 14.Ba3 Re8 15.Rfc1 Re6
16.Nc7 Bxc7 17.Qxc7 Qxc7 18.Rxc7 Rc6 19.Rxc6 bxc6 20.Rc1 Bb7 21.b4 Rd8 22.
Nb3 Ba8 23.Na5 Nb8 24.b5 Rc8 25.bxc6 Nxc6 26.Ba6 Rc7 27.Bb5 1-0

[Event "10th American Continental (w)"]
[Site "Envigado COL"]
[Date "2018.11.23"]
[Round "8.9"]
[White "Franco Valencia, Beatriz Irene"]
[Black "Munoz Monroy, Cinthya Carolina"]
[Result "1-0"]
[WhiteElo "2191"]
[BlackElo "2032"]
[EventDate "2018.11.17"]
[PlyCount "74"]

1.d4 f5 2.c4 Nf6 3.Nc3 g6 4.g3 Bg7 5.Bg2 O-O 6.Nh3 Nc6 7.O-O d6 8.Rb1 e5 
9.dxe5 Nxe5 10.b3 h6 11.Ba3 Rb8 12.Nb5 Ne4 13.f3 a6 14.fxe4 axb5 15.cxb5 
fxe4 16.Nf4 Bf5 17.Qd5+ Kh8 18.h3 Qg5 19.Kh2 Rfe8 20.Rbd1 c6 21.bxc6 bxc6 
22.Qd2 d5 23.e3 Ra8 24.Bc5 Qd8 25.a4 Qb8 26.Qc2 Nd3 27.Nxd3 exd3 28.Rxd3 
Be5 29.e4 dxe4 30.Re3 h5 31.Bxe4 Bxe4 32.Rxe4 Bxg3+ 33.Kg2 Be5 34.Rfe1 Kh7
35.Bd4 Bh2 36.Re7+ Kh6 37.Bg7+ Kg5 1-0

[Event "10th American Continental (w)"]
[Site "Envigado COL"]
[Date "2018.11.23"]
[Round "8.10"]
[White "Roca Rojas, Ana Flavia"]
[Black "Ocampo, Cristina"]
[Result "1/2-1/2"]
[WhiteElo "2132"]
[BlackElo "1771"]
[EventDate "2018.11.17"]
[PlyCount "93"]

1.e4 e5 2.Nf3 Nc6 3.Bc4 Bc5 4.c3 Nf6 5.d3 h6 6.O-O Bb6 7.Re1 O-O 8.Nbd2 d6
9.Nf1 Ne7 10.Ng3 Ng6 11.h3 Re8 12.a4 a5 13.Qb3 Be6 14.Bxe6 Rxe6 15.d4 exd4
16.Nxd4 Re8 17.Nf3 Qd7 18.Be3 Ra6 19.Qc2 Ne5 20.Nxe5 dxe5 21.Rad1 Qe6 22.
b3 Bxe3 23.Rxe3 g6 24.c4 Rd6 25.Rxd6 Qxd6 26.Rd3 Qb4 27.Qe2 Re6 28.Qe3 Kg7
29.Kh2 Rd6 30.Rxd6 Qxd6 31.Ne2 Nd7 32.Nc3 Qd4 33.Qf3 c6 34.Ne2 Qd2 35.Ng3 
Qf4 36.Qc3 Nc5 37.Kg1 h5 38.Qxa5 Nd3 39.Nh1 Qxe4 40.Qb6 Nf4 41.f3 Qc2 42.
Qf2 Qxb3 43.Qe1 f6 44.Nf2 Qxc4 45.Qb1 Qxa4 46.Qxb7+ Kh6 47.Kf1 1/2-1/2

[Event "10th American Continental (w)"]
[Site "Envigado COL"]
[Date "2018.11.23"]
[Round "8.11"]
[White "Chirivi Castiblanco, Jenny Astrid"]
[Black "Gomez Guardo, Laura Meli"]
[Result "1/2-1/2"]
[WhiteElo "2118"]
[BlackElo "1842"]
[EventDate "2018.11.17"]
[PlyCount "130"]

1.d4 Nf6 2.c4 d6 3.Nc3 g6 4.e4 Bg7 5.Bd3 e5 6.d5 a5 7.Nge2 Nbd7 8.h3 Nc5 
9.Bc2 O-O 10.Ng3 Bd7 11.O-O Ne8 12.Be3 f5 13.exf5 gxf5 14.f4 e4 15.Rb1 Bh8
16.Nce2 Qf6 17.Nd4 Qg6 18.Kh2 Nf6 19.a3 a4 20.Nge2 Kf7 21.Rf2 Rg8 22.Kg1 
Nd3 23.Bxd3 exd3 24.Nc3 Ne4 25.Nxe4 fxe4 26.f5 Qf6 27.Qh5+ Ke7 28.Ne6 Bxe6
29.fxe6 Qg6 30.Rf7+ Kd8 31.Qh4+ Kc8 32.g4 Re8 33.Rbf1 b6 34.Rxh7 Kb7 35.
Rff7 Rac8 36.Qf2 Be5 37.Rh6 Qg8 38.g5 Rf8 39.g6 Bg7 40.Rh4 Bxb2 41.Rg4 
Bxa3 42.h4 Bb4 43.h5 a3 44.Kh2 d2 45.Rg1 Qh8 46.h6 Qe5+ 47.Kg2 Rg8 48.g7 
a2 49.Bxd2 Bxd2 50.Qxd2 a1=Q 51.Rxa1 Qxa1 52.Qe3 Qb2+ 53.Kh3 Qe5 54.Kg4 
Rce8 55.Qf4 Qd4 56.Qxd6 Qxc4 57.Kg5 Qc1+ 58.Qf4 e3 59.h7 Qg1+ 60.Kh6 Qh1+ 
61.Kg6 Qg2+ 62.Kf6 Qb2+ 63.Kg6 Qg2+ 64.Kf6 Qb2+ 65.Kg6 Qg2+ 1/2-1/2

[Event "10th American Continental (w)"]
[Site "Envigado COL"]
[Date "2018.11.23"]
[Round "8.12"]
[White "Caballero Quijano, Mitzy Mishell"]
[Black "Cosme Contreras, Trilce"]
[Result "0-1"]
[WhiteElo "1992"]
[BlackElo "1829"]
[EventDate "2018.11.17"]
[PlyCount "74"]

1.d4 Nf6 2.Nf3 g6 3.c4 Bg7 4.g3 O-O 5.Bg2 d6 6.O-O Nc6 7.Nc3 a6 8.h3 Rb8 
9.e4 Nd7 10.Bg5 h6 11.Be3 Kh7 12.Rc1 Na5 13.b3 b5 14.cxb5 axb5 15.d5 b4 
16.Na4 Ba6 17.Re1 Bb5 18.Nd4 Bxa4 19.bxa4 Nc5 20.Nb5 b3 21.Bxc5 b2 22.Rc2 
dxc5 23.Rxc5 Rb6 24.Qc2 c6 25.dxc6 Rxc6 26.Rxc6 Nxc6 27.Qxc6 Qd2 28.Rf1 
Qd3 29.a5 b1=Q 30.Rxb1 Qxb1+ 31.Bf1 Rd8 32.a6 Rd1 33.Qc4 Rc1 34.Qxc1 Qxc1 
35.a7 Qc6 36.Nc7 Bd4 37.a8=Q Qf6 0-1

[Event "10th American Continental (w)"]
[Site "Envigado COL"]
[Date "2018.11.23"]
[Round "8.13"]
[White "Cordero Loup, Ely Daniela"]
[Black "Zapata, Olga Maria"]
[Result "1-0"]
[WhiteElo "2085"]
[BlackElo "1695"]
[EventDate "2018.11.17"]
[PlyCount "79"]

1.d4 d5 2.Nf3 Nf6 3.c4 c6 4.Qc2 e6 5.Nbd2 Bd6 6.g3 O-O 7.Bg2 Re8 8.O-O 
Nbd7 9.Rd1 Rb8 10.e4 dxe4 11.Nxe4 Nxe4 12.Qxe4 Nf8 13.Bg5 Be7 14.Bf4 Bd6 
15.c5 Bxf4 16.Qxf4 Bd7 17.Ne5 f6 18.Nc4 Ng6 19.Qe4 Qc7 20.h4 e5 21.h5 exd4
22.Qxd4 Nf8 23.h6 Be6 24.hxg7 Qxg7 25.Nd6 Red8 26.Qe3 Rd7 27.Re1 Qg5 28.
Qc3 Rg7 29.Ne4 Qh6 30.Nxf6+ Kh8 31.Qe5 Rd8 32.Nh5 Rd7 33.Nxg7 Rxg7 34.Rad1
Kg8 35.Rd8 Re7 36.Qd6 Kf7 37.Bf1 Qf6 38.Bc4 Qg5 39.Rxf8+ Kxf8 40.Rxe6 1-0

[Event "10th American Continental (w)"]
[Site "Envigado COL"]
[Date "2018.11.23"]
[Round "8.14"]
[White "Moncada Correa, Sara"]
[Black "Hoyos Garces, Rosana"]
[Result "1/2-1/2"]
[WhiteElo "1792"]
[BlackElo "1586"]
[EventDate "2018.11.17"]
[PlyCount "240"]

1.c4 Nf6 2.Nc3 g6 3.e4 d6 4.d4 Bg7 5.f3 O-O 6.Nge2 e5 7.Bg5 Nbd7 8.Qd2 c5 
9.d5 a6 10.Ng3 Qc7 11.Be2 Ne8 12.Be7 Nb6 13.Bxf8 Bxf8 14.O-O Ng7 15.Rad1 
Bd7 16.f4 Re8 17.fxe5 Rxe5 18.Qf4 Be8 19.Bd3 Be7 20.Nce2 h5 21.Qf3 Qc8 22.
b3 f6 23.Nc1 g5 24.Nf5 Nxf5 25.exf5 Bf8 26.Rde1 Nd7 27.Be4 Qc7 28.Nd3 Re7 
29.Qg3 b5 30.Bf3 Ne5 31.Nxe5 dxe5 32.Rd1 Rd7 33.Be4 Bd6 34.Rd3 Qb6 35.Rfd1
Ra7 36.Qe3 Qc7 37.R1d2 b4 38.h4 g4 39.Qh6 Qg7 40.Qxg7+ Kxg7 41.Rd1 Bd7 42.
Ra1 Bc8 43.a3 Rb7 44.axb4 Rxb4 45.Kf2 Kf7 46.Ke2 Ke7 47.Kd2 Kd7 48.Kc3 Kc7
49.Rd2 Kb6 50.Ra3 Bb7 51.Rda2 Bc8 52.Bc2 Bb7 53.Kd3 Bc8 54.Ke4 Bb7 55.Bd1 
Bc8 56.Rd2 Bd7 57.Be2 Bc8 58.Rd3 Bd7 59.Bd1 Be8 60.Re3 Ka7 61.Re2 Bd7 62.
Re3 Be8 63.Rg3 Rb7 64.Be2 Bf8 65.Rd3 Bd6 66.Rd1 Bd7 67.Rda1 Rb6 68.Ra5 Bc8
69.Bd1 Rb8 70.R1a4 Kb6 71.Bc2 Kc7 72.Rxa6 Bxa6 73.Rxa6 Rb6 74.Ra7+ Rb7 75.
Ra5 Rb8 76.Kd3 Rb7 77.Bd1 Rb8 78.Ke4 Rb7 79.Ra6 Rb6 80.Ra4 Rb8 81.Kd3 Rb7 
82.Ra8 Rb8 83.Ra2 Rb7 84.Ke4 Rb8 85.Rd2 Rg8 86.Rd3 Kb6 87.Re3 Ka6 88.Rd3 
Kb6 89.Be2 Ka5 90.Bd1 Kb6 91.Be2 Ka5 92.Rd1 Kb6 93.Ra1 Rb8 94.Ra4 Kc7 95.
Ra3 Rb7 96.Kd3 Rb8 97.Kc2 Rb7 98.Bd3 Rb8 99.Kb2 Kb6 100.Ra4 Bf8 101.Ka3 
Bd6 102.Be4 Rc8 103.Bd3 Rb8 104.Be4 Rc8 105.Bd3 Rb8 106.Kb2 Rc8 107.Kc3 
Rb8 108.Kd2 Rc8 109.Ke3 Rb8 110.Ke4 Kc7 111.Bc2 Rb7 112.Bd1 Rb8 113.Kd3 
Rb7 114.Bc2 Rb8 115.Kc3 Rb7 116.Ra8 Rb8 117.Rxb8 Kxb8 118.Kb2 Kb7 119.Ka3 
Kb6 120.Ka4 Bf8 1/2-1/2

[Event "10th American Continental (w)"]
[Site "Envigado COL"]
[Date "2018.11.23"]
[Round "8.15"]
[White "Toro Castaneda, Elizabeth"]
[Black "Caballero Marrugo, Maria Jose"]
[Result "1-0"]
[WhiteElo "1932"]
[BlackElo "1338"]
[EventDate "2018.11.17"]
[PlyCount "100"]

1.e4 e5 2.Nc3 Nf6 3.f4 d6 4.Nf3 Nc6 5.Bb5 Bg4 6.O-O Be7 7.d4 exd4 8.Qxd4 
O-O 9.Qa4 Bd7 10.Kh1 a6 11.Bxc6 Bxc6 12.Qd4 Re8 13.Bd2 Qd7 14.Rae1 Rad8 
15.Qd3 Qg4 16.Nd4 Qc8 17.Nxc6 bxc6 18.h3 Qb7 19.b3 d5 20.e5 Nd7 21.Qg3 Nc5
22.f5 Bf8 23.Rf4 Nd7 24.Rg4 Kh8 25.f6 g6 26.Rh4 h5 27.Qg5 Kg8 28.Re3 Qb6 
29.Qxh5 gxh5 30.Rg3+ Bg7 31.Rxg7+ Kf8 32.Rxh5 Nxf6 33.exf6 Re1+ 34.Bxe1 
Ke8 35.Re5+ Kd7 36.Re7+ Kc8 37.Rgxf7 Rg8 38.Rxc7+ Qxc7 39.Rxc7+ Kxc7 40.g4
Kd7 41.Bd2 Ke6 42.g5 Kf7 43.Kg2 Re8 44.Kf3 Rh8 45.Kg4 Kg6 46.h4 Rh7 47.Ne2
Rh8 48.h5+ Kf7 49.Nf4 Re8 50.Kf5 Re4 1-0

[Event "10th American Continental (w)"]
[Site "Envigado COL"]
[Date "2018.11.24"]
[Round "9.3"]
[White "Ortiz Verdesoto, Anahi"]
[Black "Rivera Banqueth, Ingris"]
[Result "1/2-1/2"]
[WhiteElo "2115"]
[BlackElo "2188"]
[EventDate "2018.11.17"]
[PlyCount "186"]

1.d4 Nf6 2.c4 g6 3.Nc3 Bg7 4.e4 d6 5.Nge2 O-O 6.Ng3 c5 7.d5 e6 8.Bd3 a6 9.
a4 Nbd7 10.O-O Qc7 11.Be3 Rb8 12.f3 Re8 13.Qd2 exd5 14.exd5 Ng4 15.Bf4 
Nge5 16.Rfe1 f5 17.Bg5 Rf8 18.Bf1 Nb6 19.b3 Bd7 20.Bh6 Be8 21.Rab1 Qf7 22.
Bg5 Nc8 23.Kh1 Bd7 24.b4 f4 25.Nge4 h6 26.bxc5 hxg5 27.c6 Bf5 28.Nxg5 Qc7 
29.Rxb7 Rxb7 30.cxb7 Qxb7 31.Qxf4 Bh6 32.Qh4 Qg7 33.Nce4 Bxe4 34.Nxe4 g5 
35.Qh3 g4 36.fxg4 Nxg4 37.Be2 Ne3 38.Bd3 Qd4 39.Qe6+ Kg7 40.Nf2 Rxf2 41.
Qg6+ Kf8 42.Qxh6+ Qg7 43.Qxg7+ Kxg7 44.Rxe3 Ra2 45.h4 Rxa4 46.Kh2 Nb6 47.
Re6 a5 48.Rxd6 Nxc4 49.Bxc4 Rxc4 50.Kh3 a4 51.Ra6 Rd4 52.g3 Kf7 53.Kg2 
Rd2+ 54.Kf3 Rd3+ 55.Kf4 a3 56.g4 Rd4+ 57.Kf3 Rd3+ 58.Ke4 Rg3 59.Kf4 Rd3 
60.h5 Rd4+ 61.Kg3 Rd3+ 62.Kh4 Kg7 63.h6+ Kh7 64.g5 Rxd5 65.Rxa3 Rd1 66.
Ra7+ Kg6 67.Rg7+ Kf5 68.Rf7+ Kg6 69.Rf6+ Kh7 70.Kg4 Rg1+ 71.Kf5 Rf1+ 72.
Ke6 Re1+ 73.Kf7 Rg1 74.Rf5 Rg2 75.Kf6 Rg1 76.Rf4 Rg2 77.Kf5 Rg1 78.Rf2 Ra1
79.Rf3 Rg1 80.Re3 Rf1+ 81.Kg4 Rg1+ 82.Rg3 Ra1 83.Kf5 Ra5+ 84.Kf4 Ra4+ 85.
Kf5 Ra5+ 86.Kg4 Kg6 87.Kf4 Ra4+ 88.Kf3 Ra3+ 89.Kg2 Ra2+ 90.Kh3 Ra1 91.Kh4 
Ra4+ 92.Rg4 Ra1 93.Kg3 Kh7 1/2-1/2

[Event "10th American Continental (w)"]
[Site "Envigado COL"]
[Date "2018.11.24"]
[Round "9.4"]
[White "Llaudy Pupo, Lisandra"]
[Black "Aliaga Fernandez, Ingrid"]
[Result "1/2-1/2"]
[WhiteElo "2302"]
[BlackElo "2194"]
[EventDate "2018.11.17"]
[PlyCount "60"]

1.e4 c5 2.Nf3 d6 3.d4 cxd4 4.Nxd4 Nf6 5.Nc3 a6 6.Be2 e6 7.O-O Be7 8.Be3 
Qc7 9.f4 Nc6 10.Qe1 Nxd4 11.Bxd4 O-O 12.Qg3 b5 13.a3 Bb7 14.Rae1 Rad8 15.
Kh1 Rd7 16.Bd3 Re8 17.e5 dxe5 18.Bxe5 Qd8 19.f5 Bd6 20.Qh3 Bxe5 21.Rxe5 
Rde7 22.fxe6 Rxe6 23.Ref5 h6 24.Qh4 Qd6 25.R5f2 Qe5 26.Qf4 Qxf4 27.Rxf4 
Re5 28.Rf5 Rxf5 29.Bxf5 Re5 30.Bd3 Ne4 1/2-1/2

[Event "10th American Continental (w)"]
[Site "Envigado COL"]
[Date "2018.11.24"]
[Round "9.5"]
[White "Arribas Robaina, Maritza"]
[Black "Rodriguez Rueda, Paula Andrea"]
[Result "0-1"]
[WhiteElo "2257"]
[BlackElo "2275"]
[EventDate "2018.11.17"]
[PlyCount "97"]

1.e4 c5 2.Nf3 d6 3.Bb5+ Nc6 4.O-O Bd7 5.Re1 Nf6 6.h3 a6 7.Bf1 g6 8.c3 Bg7 
9.d4 O-O 10.e5 dxe5 11.dxe5 Ne8 12.Be3 b6 13.Bf4 Nc7 14.Nbd2 Bf5 15.a4 Bd3
16.Nc4 Bxf1 17.Kxf1 Nd5 18.Qd2 Nxf4 19.Qxf4 b5 20.Ne3 bxa4 21.Rxa4 Qb8 22.
Nc4 Qb5 23.Rea1 Rad8 24.Qe4 Rd1+ 25.Rxd1 Qxa4 26.Rd5 Na5 27.Rxc5 Nxc4 28.
Qxc4 Qa1+ 29.Ne1 e6 30.b4 Bh6 31.Qd3 Bg5 32.Qc2 Bd8 33.Ke2 a5 34.bxa5 Bxa5
35.Qb3 Rd8 36.Nd3 Ra8 37.Qc4 Kg7 38.h4 Bb6 39.Rb5 Ra4 40.Rb4 Ra2+ 41.Kf3 
Qf1 42.Qxa2 Qxd3+ 43.Kf4 Qf5+ 44.Kg3 Qxe5+ 45.Rf4 Bc7 46.Qd2 h6 47.Kg4 g5 
48.Rf3 Qd5 49.Rf4 0-1